000 00648nam a22001937a 4500
003 OSt
005 20251122102820.0
008 251122b |||||||| |||| 00| 0 eng d
020 _a 9781984600721
040 _aDWCL-Main lib
_cOC
082 _aCirc. 004.03 I29 2018
110 _a3G ELEARNING FZ LLC
245 _aIllustrated dictionary of information technology:
_bterms, definitions and examples/
_c3G ELEARNING FZ LLC
260 _aN.Y :
_b3G E-learning LLC,
_cc2018.
300 _a235 pages :
_b color illustrations ;
_c26cm.
650 _a1. Computer science
650 _a2. Information science
942 _2ddc
_cBK-CIRC
_kCirc.
_n0
999 _c6034
_d6034